100 joueurs américains avec la plus grosse valeur marchande - Statistiques

Statistiques générales
  • Ce quiz a été pris 43 fois
  • Le résultat moyen est 10 sur 100
Statistiques - réponses
Club Prix Réponse % Correct
Milan AC 25 millions Christian Pulisic
98%
Borussia Dortmund 25 millions Giovanni Reyna
75%
Juventus 18 millions Weston McKennie
75%
PSV Eindhoven 10 millions Sergino Dest
65%
AS Monaco 30 millions Folarin Balogun
53%
Bournemouth 18 millions Tyler Adams
50%
Juventus 14 millions Timothy Weah
48%
Nottingham Forest 8 millions Matt Turner
45%
Milan AC 18 millions Yunus Musah
38%
Fulham 15 millions Antonee Robinson
33%
Atlanta United 5 millions Miles Robinson
33%
Union Berlin 25 millions Brenden Aaronson
28%
Eintracht Francfort 4,5 millions Paxten Aaronson
28%
Eibar 2,5 millions Konrad De La Fuente
23%
Crystal Palace 10 millions Chris Richards
18%
Toronto FC 1,5 millions Sean Johnson
18%
Celtic Glasgow 13 millions Cameron Carter-Vickers
15%
Hoffenheim 2 millions John Anthony Brooks
15%
Norwich City 12 millions Josh Sargent
15%
Manchester City 3,5 millions Zack Steffen
15%
KAS Eupen 9 millions Gabriel Slonina
13%
FC Dallas 8 millions Jesus Ferreira
13%
Genk 8 millions Mark McKenzie
13%
PSV Eindhoven 9 millions Ricardo Pepi
13%
Panathinaikos 2,5 millions Erik Palmer-Brown
10%
FC Cincinnati 2 millions Matt Miazga
10%
Vancouver Whitecaps 2 millions Brian White
8%
Inter Miami 2 millions DeAndre Yedlin
8%
New England Revolution 3,5 millions DeJuan Jones
8%
Borussia Monchengladbach 12 millions Joe Scally
8%
Borussia Monchengladbach 7 millions Jordan Siebatcheu
8%
Sheffield United 10 millions Auston Trusty
5%
Westerlo 4 millions Bryan Reynolds
5%
Seattle Sounders 6 millions Cristian Roldan
5%
Venezia FC 3,7 millions Gianluca Busio
5%
Seattle Sounders 5,5 millions Jordan Morris
5%
Celta Vigo 3 millions Luca De La Torre
5%
PSV Eindhoven 5 millions Malik Tillman
5%
St. Louis City FC 2 millions Miguel Perez
5%
Nashville SC 2 millions Sean Davis
5%
Nashville SC 3,5 millions Walker Zimmerman
5%
Los Angeles FC 3 millions Aaron Long
3%
CA Huracan 1,8 millions Alan Sonora
3%
Club America 5 millions Alex Zendejas
3%
FC Cincinnati 7 millions Brandon Vazquez
3%
San Jose Earthquakes 5 millions Cade Cowell
3%
West Bromwich Albion 7 millions Daryl Dike
3%
AZ Alkmaar 5 millions Djordje Mihailovic
3%
Portland Timbers 2,5 millions Eryk Williamson
3%
New York Red Bulls 2 millions Frankie Amaya
3%
Coventry City 6 millions Haji Wright
3%
San Jose Earthquakes 4 millions Jackson Yueill
3%
New York City FC 2,5 millions James Sands
3%
SC Internacional 5 millions Johnny
3%
New York Red Bulls 2,5 millions John Tolkin
3%
Columbus Crew 2,5 millions Julian Gressel
3%
Utrecht 5 millions Taylor Booth
3%
New York City FC 2,5 millions Andres Perea
0%
Charlotte FC 2,5 millions Ben Bender
0%
San Jose Earthquakes 2,5 millions Benjamin Kikanovic
0%
New England Revolution 3 millions Brandon Bye
0%
Chicago Fire 2 millions Brian Gutierrez
0%
CF Montreal 1,8 millions Bryce Duke
0%
RB Leipzig 2 millions Caden Clark
0%
Atlanta United 4 millions Caleb Wiley
0%
Houston Dynamo 2,5 millions Chase Gaspar
0%
Chicago Fire 2,5 millions Chris Mueller
0%
Colorado Rapids 2 millions Cole Bassett
0%
Colorado Rapids 2,5 millions Danny Leyva
0%
Columbus Crew 2,5 millions Darlington Nagbe
0%
Preston 1,8 millions Duane Holmes
0%
FC Dallas 2 millions Edwin Cerillo
0%
Austin FC 2 millions Gyasi Zardes
0%
Minnesota United 3 millions Hassani Dotson
0%
New England Revolution 2,5 millions Henry Kessler
0%
Nashville SC 2 millions Jack Maher
0%
Philadelphia Union 3 millions Jack McGlynn
0%
San Jose Earthquakes 4 millions Jeremy Ebobisse
0%
Real Salt Lake City 2 millions Justen Glad
0%
New York City FC 2,5 millions Justin Haak
0%
New York City FC 4 millions Keaton Parks
0%
Los Angeles FC 3 millions Kellyn Acosta
0%
Wolfsbourg 5 millions Kevin Paredes
0%
FC Heidenheim 2 millions Lennard Maloney
0%
Philadelphia Union 3,5 millions Leon Flach
0%
FC Dallas 2 millions Marco Farfan
0%
Standard De Liege 2,5 millions Marlon Fossey
0%
Austin FC 2,5 millions Nick Lima
0%
Seattle Sounders 2 millions Obed Vargas
0%
FC Dallas 4 millions Paul Arriola
0%
FC Dallas 4 millions Paxton Pomykal
0%
Philadelphia Union 2 millions Quinn Sullivan
0%
Queens Park Rangers 4 millions Reggie Cannon
0%
Hajduk Split 3 millions Rokas Pukstas
0%
Royal Antwerp 1,8 millions Sam Vines
0%
New York Red Bulls 2 millions Sean Nealis
0%
FC Dallas 2 millions Sebastian Lletget
0%
Venezia FC 2,4 millions Tanner Tessmann
0%
DC United 2 millions Theodore Ku-DiPietro
0%
Vancouver Whitecaps 2 millions Tristan Blackmon
0%
Aucun quiz correspondant
Distribution des résultats
% des personnes avec chaque résultat
Percentile par nombre de réponses
Votre historique - résultats
Vous n’avez pas pris ce quiz